| 000 | 00410nam a2200169Ia 4500 | ||
|---|---|---|---|
| 008 | 230711s9999||||xx |||||||||||||| ||und|| | ||
| 020 | _a978-93-5051-769-7 | ||
| 041 | _aENG | ||
| 082 |
_a519.5 _bGU-F |
||
| 100 | _aGupta,S. C | ||
| 245 | 0 | _aFundamentals of statistics | |
| 250 | _a7th . . Ed. | ||
| 260 |
_c2015 _aKolkata _bHimalaya Publishing House |
||
| 300 | _a619 | ||
| 650 | _aMathematics | ||
| 942 | _cBK | ||
| 999 |
_c1996 _d1996 |
||